| 000 | 00862nam a22002777a 4500 | ||
|---|---|---|---|
| 003 | CHAP | ||
| 005 | 20220329135824.0 | ||
| 008 | 971013s1908 r 00010 d | ||
| 010 | _a42851 | ||
| 011 | _a43823 | ||
| 035 | _a47960 | ||
| 040 | _cCHAP | ||
| 082 |
_a917.27 _bP4 |
||
| 100 | 0 | 0 |
_aPeñafiel, Antonio. _986872 |
| 245 |
_aCiudades coloniales y capitales de la República Mexicana _b: estado de Guerrero |
||
| 260 |
_aMéxico : _bSecretaría de Fomento, _c1908 |
||
| 300 |
_a164 p. _b: láms. |
||
| 590 |
_aBATCH-UPD _b10 _c20130110 _lUCH01 _h2134 |
||
| 590 |
_aBATCH-UPD _b10 _c20130410 _lUCH01 _h1443 |
||
| 590 |
_aBATCH-UPD _b10 _c20130914 _lUCH01 _h1555 |
||
| 590 |
_aCONVERSION _b10 _c20130109 _lUCH01 _h1324 |
||
| 650 | 1 | 4 |
_aGuerrero _xGeografía. _951185 |
| 901 | _aBK | ||
| 942 | _cLIBRO | ||
| 949 |
_a917.27 P4 _bBC _cBPP _d-108807 _eBPP _h25784 _i47960 _si |
||
| 999 |
_c42851 _d42851 |
||